000 00688nam a2200205 a 4500
040 _cGZM
082 _a549 MIN 2006 A084 Co.
245 0 0 _aMaster plan for national agricultural research :
_bprogram support unit of agricultural sector development program
246 1 _aKingdom of Cambodia. Nation Religion King
260 _a[Pnom Penh] :
_bMinistry of Agriculture, Forestry and Fishereries,
_c[2006}
300 _axiii, 201 p. :
_bill. ;
_c30 cm
500 _aCover title
500 _a"Supported by Asian Development Bank."
500 _a"May 2006."
650 0 _aAgriculture
650 0 _aAgriculture
710 1 _aCambodia.
710 2 _aAsian Development Bank
942 _cEK
999 _c16301
_d16301